Higher or Lower - U.S. State Population - Statistics

General Stats
  • This quiz has been taken 95 times
  • The average score is 10 of 15
Answer Stats
Hint Answer % Correct
Rhode Island (1,093,734) or Pennsylvania Higher
82%
New Mexico (2,113,344) or Arizona Higher
82%
Idaho (1,939,033) or Arkansas Higher
78%
New Jersey (9,261,699) or Oklahoma Lower
77%
Oklahoma (4,019,800) or Rhode Island Lower
74%
Pennsylvania (12,972,008) or Idaho Lower
74%
Arkansas (3,045,637) or Louisiana Higher
73%
Maryland (6,164,660) or Ohio Higher
73%
Ohio (11,756,058) or Indiana Lower
70%
Oregon (4,240,137) or South Carolina Higher
69%
Louisiana (4,590,241) or New Mexico Lower
65%
Colorado (5,839,926) or Oregon Lower
61%
Mississippi (2,940,057) or Maryland Higher
60%
Arizona (7,359,197) or Colorado Lower
57%
South Carolina (5,282,634) or Mississippi Lower
51%
No matching quizzes found
Score Distribution
Percent of People with Each Score
Percentile by Number Answered
Your Score History
You have not taken this quiz